Integrity in the public service (Record no. 3014)

000 -LEADER
fixed length control field 01113pab a2200157 454500
008 - FIXED-LENGTH DATA ELEMENTS--GENERAL INFORMATION
fixed length control field 180718b xxu||||| |||| 00| 0 eng d
100 ## - MAIN ENTRY--PERSONAL NAME
Personal name Dobel, J. Patrick
245 ## - TITLE STATEMENT
Title Integrity in the public service
520 ## - SUMMARY, ETC.
Summary, etc. This article argues that public officials need a complex array of moral resources to exercise discretion in office. Three different realms are vital to defensible and successful discretion. These are commitments to regime accountability, personal responsibilty, and prudence. No one realm of judgement provides all the resources needed to judge well in public service, and each alone has severe limits. The article uses the ideal of personal integrity as a presumption of a moral responsibility to explain how individuals can and should hold all three types of commitments in public officials. Individuals of integrity should then iterate among the three realms in their judgements while using each to balance and
650 ## - SUBJECT ADDED ENTRY--TOPICAL TERM
Topical term or geographic name entry element Public Administration
650 ## - SUBJECT ADDED ENTRY--TOPICAL TERM
Topical term or geographic name entry element Civil Service
650 ## - SUBJECT ADDED ENTRY--TOPICAL TERM
Topical term or geographic name entry element Administration
650 ## - SUBJECT ADDED ENTRY--TOPICAL TERM
Topical term or geographic name entry element Employee Morale
773 ## - HOST ITEM ENTRY
Main entry heading Public Administration Review
909 ## -
-- 3014
Holdings
Withdrawn status Lost status Damaged status Not for loan Permanent Location Current Location Date acquired Serial Enumeration / chronology Barcode Date last seen Price effective from Koha item type
        Indian Institute of Public Administration Indian Institute of Public Administration 2018-07-19 Issue no: 50(3), May/Jun.90, p.354-66 AR3014 2018-07-19 2018-07-19 Articles

Powered by Koha